Les derniers demi-finalistes des grands tournois internationaux - Statistiques

Statistiques générales
  • Ce quiz a été pris 84 fois
  • Le résultat moyen est 22 sur 28
Statistiques - réponses
Compétition Pays % Correct
Coupe du monde 2022 Argentine
100%
Copa America 2024 Argentine
100%
Coupe du monde 2022 France
100%
Euro 2024 France
100%
Euro 2024 Angleterre
99%
Coupe du monde 2022 Maroc
99%
Euro 2024 Espagne
97%
Copa America 2024 Colombie
95%
Euro 2024 Pays-Bas
94%
Copa America 2024 Uruguay
92%
Coupe D'Océanie 2023 Nouvelle-Zélande
91%
Copa America 2024 Canada
90%
CAN 2023 Cote d'ivoire
90%
Coupe du monde 2022 Croatie
90%
Coupe d'Asie 2023 Corée du sud
87%
Gold Cup 2023 États-Unis
78%
Coupe d'Asie 2023 Qatar
77%
Gold Cup 2023 Mexique
76%
Coupe d'Asie 2023 Iran
73%
CAN 2023 Nigéria
70%
Coupe D'Océanie 2023 Fidji
66%
CAN 2023 République démocratique du Congo
65%
CAN 2023 Afrique du sud
61%
Gold Cup 2023 Panama
57%
Gold Cup 2023 Jamaïque
52%
Coupe d'Asie 2023 Jordanie
46%
Coupe D'Océanie 2023 Vanuatu
38%
Coupe D'Océanie 2023 Tahiti
24%
Aucun quiz correspondant
Distribution des résultats
% des personnes avec chaque résultat
Percentile par nombre de réponses
Votre historique - résultats
Vous n’avez pas pris ce quiz